| 000 | 00699nab a2200229u 4500 | ||
|---|---|---|---|
| 001 | 07300 | ||
| 003 | HDC | ||
| 007 | c| |||a|c|aaaa | ||
| 008 | 210127b20160215my ||||| |||| 00| 0 may d | ||
| 040 | _aHDC | ||
| 245 | 0 | _aFaham perbezaan logo halal dengan no pork | |
| 336 |
_atext _2rdacontent |
||
| 337 |
_acomputer _2rdamedia |
||
| 338 |
_aonline resource _2rdacarrier |
||
| 650 |
_ano pork _97802 |
||
| 650 |
_apork free _97803 |
||
| 710 | _aUtusan Malaysia | ||
| 856 | _zRequest full-text at [email protected] | ||
| 942 | _2lcc | ||
| 942 | _cNEWS | ||
| 942 | _kNWSC 001364 | ||
| 999 |
_c4624 _d4624 |
||